000 00268cam a22000977a 4500
008 180718b1963 xxu||||| |||| 00| 0 eng d
082 _aL8x42 Un3r
245 _aReform of the exchequer accounts
260 _aLondon
_bHer Majesty's Stationery Office
_c1963
300 _a22p.
999 _c500628
_d500628